| Tag |
First Indicator |
Second Indicator |
Subfields |
| LEADER |
00000cam a2200000 a 4500 |
| 001 |
in00001604792 |
| 005 |
20151023052039.0 |
| 008 |
961127s1997 enk b 001 0 eng |
| 010 |
|
|
|a 96050055
|
| 015 |
|
|
|a GB97-61157
|
| 019 |
|
|
|a 38550371
|
| 020 |
|
|
|a 1859849210 (hardback)
|
| 020 |
|
|
|a 1859840167 (pbk.)
|
| 035 |
|
|
|a (OCoLC)ocm36066021
|
| 040 |
|
|
|a DLC
|c DLC
|d C#P
|d UKM
|d EL$
|d TXA
|d UtOrBLW
|
| 043 |
|
|
|a a-ii---
|
| 049 |
|
|
|a TXAM
|
| 050 |
0 |
0 |
|a DS422.C64
|b N36 1997
|
| 082 |
0 |
0 |
|a 320.954/09/045
|2 21
|
| 100 |
1 |
|
|a Vanaik, Achin.
|
| 245 |
1 |
4 |
|a The furies of Indian communalism :
|b religion, modernity, and secularization /
|c Achin Vanaik.
|
| 264 |
|
1 |
|a London ;
|a New York :
|b Verso,
|c 1997.
|
| 300 |
|
|
|a ix, 374 pages ;
|c 25 cm.
|
| 336 |
|
|
|a text
|b txt
|2 rdacontent
|
| 337 |
|
|
|a unmediated
|b n
|2 rdamedia
|
| 338 |
|
|
|a volume
|b nc
|2 rdacarrier
|
| 504 |
|
|
|a Includes bibliographical references and index.
|
| 650 |
|
0 |
|a Communalism
|z India.
|
| 650 |
|
0 |
|a Hindus
|z India.
|
| 650 |
|
0 |
|a Muslims
|z India.
|
| 650 |
|
0 |
|a Secularism
|z India.
|
| 651 |
|
0 |
|a India
|x Ethnic relations.
|
| 650 |
|
4 |
|a Hindúes
|z India.
|
| 650 |
|
4 |
|a Musulmanes
|z India.
|
| 650 |
|
4 |
|a Secularimso
|z India.
|
| 650 |
|
4 |
|a Minorías
|z India.
|
| 651 |
|
4 |
|a India
|x Relaciones étnicas.
|
| 948 |
|
|
|a cataloged
|b h
|c 2001/4/30
|d c
|e jgreene
|f 11:59:36 am
|
| 994 |
|
|
|a E0
|b TXA
|
| 999 |
|
|
|a MARS
|
| 999 |
f |
f |
|s 160ad13a-7229-3f7e-846a-03d7ac589f98
|i a6bf6658-f77c-3317-a3a2-86476bc28ff1
|t 0
|
| 952 |
f |
f |
|p ric
|a Texas A&M University
|b Rellis Campus
|c Joint Library Facility
|d Remote Storage
|t 0
|e DS422.C64 N36 1997
|h Library of Congress classification
|i unmediated -- volume
|m A14827612419
|
| 998 |
f |
f |
|a DS422.C64 N36 1997
|t 0
|l Remote Storage
|